Name the singer from the song - Speed Round - Statistics

General Stats
  • This quiz has been taken 13 times
  • The average score is 7 of 11
Answer Stats
Hint Answer % Correct
Smooth Criminal Michael Jackson
91%
God's Plan Drake
82%
Blinding Lights The Weekend
82%
Not like Us Kendrick Lamar
73%
Old town road Lil Nas X
73%
Beautiful things Benson Boone
64%
The fate of ophelia Taylor Swift
64%
A bar song Shaboozey
55%
DtMf Bad Bunny
45%
I just might Bruno Mars
45%
Lose control Teddy Swims
36%
No matching quizzes found
Score Distribution
Percent of People with Each Score
Percentile by Number Answered
Your Score History
You have not taken this quiz